[Event "AUTO-INT-883"]
[Site "http://www.queenalice.com/game.php?id=395567"]
[Date "2008.4.29"]
[Round "1"]
[White "mdottavi"]
[Black "zolaweed"]
[Result "1-0"]
[WhiteElo "1509"]
[BlackElo "1712"]

1. e4 e5 2. Nf3 Nc6 3. Bc4 Nf6 4. Ng5 d5 5. Bb5 Be7 6. c3 h6 7. Nf3 O-O 8. d3 d4
9. cxd4 exd4 10. Bc4 a6 11. Nh4 b5 12. Bb3 Nd7 13. Bd5 Bb7 14. Bxh6 Bxh4 15. Qg4
Qf6 16. g3 Nde5 17. Qxg7+ Qxg7 18. Bxg7 Kxg7 19. gxh4 Nxd3+ 20. Kd2 Nxb2 21.
Rg1+ Kf6 22. Na3 Rab8 23. Rg5 Ne7 24. e5# 1-0

[Event "AUTO-INT-883"]
[Site "http://www.queenalice.com/game.php?id=395574"]
[Date "2008.4.29"]
[Round "1"]
[White "mdottavi"]
[Black "GustavoSiqueira"]
[Result "1-0"]
[WhiteElo "1488"]
[BlackElo "1368"]

1. e4 e5 2. Nf3 d6 3. Bb5+ c6 4. Bc4 Nf6 5. Ng5 h6 6. Nxf7 Qb6 7. Nxh8 Nxe4 8.
Qh5+ Kd8 9. Qh4+ Be7 10. Qxe4 d5 11. Bxd5 cxd5 12. Qxd5+ Bd6 13. Qg8+ Kc7 14.
Qxg7+ 1-0

[Event "AUTO-INT-883"]
[Site "http://www.queenalice.com/game.php?id=395575"]
[Date "2008.4.29"]
[Round "1"]
[White "GustavoSiqueira"]
[Black "mdottavi"]
[Result "0-1"]
[WhiteElo "1357"]
[BlackElo "1499"]

1. e4 e5 2. Nc3 Nf6 3. Nf3 d6 4. a3 Nc6 5. h3 a6 6. Bd3 Nd4 7. Bc4 Nxf3+ 8. Qxf3
Be6 9. Bb3 Bxb3 10. cxb3 g6 11. d3 h5 12. Bg5 Bg7 13. O-O c6 0-1

[Event "vincenzo"]
[Site "http://www.queenalice.com/game.php?id=396089"]
[Date "2008.4.30"]
[Round "-"]
[White "mdottavi"]
[Black "paparov"]
[Result "1-0"]
[WhiteElo "1524"]
[BlackElo "1550"]

1. e4 c5 2. Bc4 Nc6 3. Nf3 e6 4. d3 Qc7 5. Nc3 a6 6. g3 Be7 7. Bf4 Bd6 8. a4 Qb6
9. Bxd6 Qxb2 10. Nd5 exd5 11. exd5 Qc3+ 12. Kf1 Nb4 13. Qe2+ Kd8 14. Re1 Qxe1+
15. Kxe1 b5 16. Ng5 1-0

[Event "Challenge"]
[Site "http://www.queenalice.com/game.php?id=404225"]
[Date "2008.5.17"]
[Round "-"]
[White "pierjean"]
[Black "mdottavi"]
[Result "1-0"]
[WhiteElo "1488"]
[BlackElo "1569"]

1. d4 d5 2. c4 Nf6 3. c5 c6 4. Nc3 e6 5. Qc2 Ng4 6. Bf4 Qf6 7. Bxb8 Qxf2+ 8. Kd2
Qe3+ 9. Ke1 Nf2 10. Bg3 Nxh1 11. Rd1 Qxg1 12. Kd2 Qxd4+ 13. Kc1 Qxc5 14. Be5 Qe7
15. e3 Nf2 16. Qxf2 f6 17. Bg3 Qc5 18. Kb1 e5 19. Rc1 Qa5 20. h3 g6 21. Qxf6 d4
22. Ne4 Qd5 23. Qxh8 Qxe4+ 24. Ka1 Be6 25. Qf6 Qd5 26. Bc4 Qxc4 27. Rxc4 Bxc4
28. Qxe5+ Be7 29. Qh8+ Bf8 30. Qe5+ Be7 31. Qh8+ Bf8 32. Qe5+ Kf7 33. Qc7+ Kg8
34. exd4 Bd5 35. Qe5 Rd8 36. Bh4 Rd7 37. Qe8 Rf7 38. b3 Rf4 39. Bg5 Rxd4 40. Bh6
Re4 41. Qxf8# 1-0

[Event "AUTO-BEG-184"]
[Site "http://www.queenalice.com/game.php?id=425183"]
[Date "2008.6.29"]
[Round "2"]
[White "TomTheKing"]
[Black "mdottavi"]
[Result "1-0"]
[WhiteElo "1372"]
[BlackElo "1525"]

1. e4 Nf6 2. Nc3 Nc6 3. d4 d5 4. f3 dxe4 5. Nxe4 Nxe4 6. fxe4 Nxd4 7. Be3 Bg4 8.
Qd2 e5 9. Nf3 Bxf3 10. Bxd4 Qh4+ 11. Bf2 Qxe4+ 12. Be3 Bh5 13. Be2 Rd8 14. Qc3
Qxg2 15. Qxe5+ Be7 16. Bg5 f6 17. Bxh5+ g6 18. Bxf6 O-O 19. Qxe7 Qxh1+ 20. Ke2
Qg2+ 21. Ke3 Qd2+ 22. Ke4 Qd5+ 23. Ke3 Rd7 24. Qe5 Qd2+ 25. Kf3 Rd5 26. Qe6+ Rf7
27. Bxg6 hxg6 28. Qe8+ Kh7 29. Qh8# 1-0

[Event "AUTO-BEG-184"]
[Site "http://www.queenalice.com/game.php?id=425184"]
[Date "2008.6.29"]
[Round "2"]
[White "mdottavi"]
[Black "TomTheKing"]
[Result "0-1"]
[WhiteElo "1549"]
[BlackElo "1348"]

1. e4 e5 2. Nf3 Nc6 3. Nc3 Nf6 4. Bc4 Bc5 5. Ng5 O-O 6. Qf3 Nd4 7. Qh3 Nxc2+ 8.
Kd1 Nxa1 9. Nd5 h6 10. d4 d6 11. Qd3 Bxd4 12. Nh3 Nh5 13. Qf3 c6 14. Qxh5 cxd5
15. Bxd5 Be6 16. Qf3 Bxd5 17. exd5 Qc7 18. Ke2 Qc2+ 19. Bd2 Qxb2 20. Rd1 Rac8
21. Qg4 Rc2 22. Kd3 Rfc8 23. Bxh6 R2c3+ 24. Ke4 Qc2+ 0-1

[Event "AUTO-BEG-179"]
[Site "http://www.queenalice.com/game.php?id=432571"]
[Date "2008.7.13"]
[Round "2"]
[White "mdottavi"]
[Black "porkrat"]
[Result "1-0"]
[WhiteElo "1532"]
[BlackElo "1565"]

1. Nc3 Nc6 2. e4 e5 3. Nd5 Rb8 4. Bc4 Qh4 5. Nxc7+ Kd8 6. Nb5 Bc5 7. g3 Qxe4+ 8.
Be2 Qxh1 9. Bf1 Qxg1 10. Qf3 Qxh2 11. Qxf7 Bxf2+ 12. Kd1 Qg1 13. Qf8# 1-0

[Event "AUTO-BEG-179"]
[Site "http://www.queenalice.com/game.php?id=432572"]
[Date "2008.7.13"]
[Round "2"]
[White "porkrat"]
[Black "mdottavi"]
[Result "0-1"]
[WhiteElo "1508"]
[BlackElo "1530"]

1. e4 e5 2. Bc4 Qf6 3. Qh5 Nh6 4. d4 d6 5. Bg5 g6 6. Bxf6 gxh5 7. Bxh8 Ng8 8.
Nh3 Nc6 9. O-O Nxd4 10. Nc3 Nxc2 11. Rad1 Bg4 12. Rd3 Nd4 13. Kh1 O-O-O 14. f3
Bd7 15. Ng5 Be7 16. Nxf7 Rf8 17. Nd5 a6 18. Nxe7+ Nxe7 19. Bg7 Rg8 20. Bh6 b5
21. Bd5 b4 22. h4 Bb5 23. Rfd1 Ng6 24. Rb3 Nxh4 25. Rxb4 Nxg2 26. a4 Be2 27. Rd2
Bxf3 28. Be6+ Nxe6 29. Rf2 Nh4+ 30. Kh2 Nc5 31. Rf1 Nd3 32. Rb3 Be2 33. Rf6 Nf4
34. Bxf4 Nf3+ 35. Rxf3 Bxf3 36. Bg5 Bxe4 37. b4 Bc6 38. a5 e4 39. Re6 Rg7 40. b5
axb5 41. Be3 Rxf7 42. Rh6 Rf3 43. Ba7 b4 44. Rxh7 b3 45. Rh8+ Kb7 46. Bd4 Rf2+
47. Kg1 Rd2 48. Be3 Rd1+ 49. Kf2 b2 50. Rxh5 b1=Q 51. Kg3 Qb3 52. Kf4 Qf7+ 53.
Kg4 Qg6+ 54. Rg5 Bd7+ 55. Kf4 Rf1+ 56. Kg3 Qf6 57. Kg2 Qf3+ 0-1